MDQL
is popping MORE tags! Check the
thread
!
Quizzes
Events
Quiz Creation
Community
Videos
Private Events
Remove Ads
Sign In
Join for FREE
Feedback
Dark Mode
Quiz Categories
Sports
Geography
Music
Movies
Television
Just For Fun
Miscellaneous
History
Literature
Language
Science
Gaming
Entertainment
Religion
Holiday
For Kids
Quiz Lab
Recent
Popular Today
Quiz Kudos Today
Editor Picks
Curator Picks
Quizzes by...
Day
Popularity
Type
Ratings
Length
Year
Community
Subscriptions
Recent Discussions
Orange Saloon
Badges
Playlists
Quests
Create
Leaderboards
Showdown
Live 5
Trivia Bingo
Activity
Puzzle Library
Sporcle Events
Private Events
Virtual Trivia
Globe League
Become a Host
Pub Owners
SporcleCon
Opinionation
Our Games
Videos
Blog
Mobile Apps
Partnerships
Remove Ads and Go Orange
Feedback
Literature
Harry Potter
A Song of Ice and Fire
The Hunger Games
Literary Character
Shakespeare
Book
Author
Novel
Poem
Young Adult
Children's Books
Play
Lord of the Rings
Literature
Harry Potter
A Song of Ice and Fire
The Hunger Games
Literary Character
Shakespeare
Book
Author
Novel
Poem
Young Adult
Children's Books
Play
Lord of the Rings
Random Quiz
Search Sporcle
×
Quiz Lab
Quiz Lab
Literature
Harry Potter
Type in answers that appear in a list
Type in answers that appear in a list
Classic
Best Score? Go Orange.
'Hogwarts' Keymaster Stats
Can you name the things in the categories that begin with the letters of 'Hogwarts' to get the keys for the locks?
By
12bball
5m
36 Questions
4,900 Plays
4,900 Plays
4,900 Plays
Comments
Comments
Give Quiz Kudos
Give Quiz Kudos
-
- Ratings
hide this ad
More Info
Replay
Link that replays current quiz
Next Quiz
Link to next quiz in quiz playlist
You Got
0%
They Got
Avg Score
61%
Avg Friend Score
Upgrade to see
Score Distribution
Jump to the score distribution portion of the page
Score
0/36
Timer
05:00
2
Plays Today
% Correct
Category 1: Top 300 Commonest Words
98.9%
He, ...
97%
We, ...
94.2%
An, ...
93.2%
Of, ...
92.9%
The, ...
92.2%
She, ...
89.2%
Harry, ...
87.5%
Good, ...
87.1%
Ron, ...
81.5%
Snape, ...
79%
Granger, ...
78.3%
Weasley, ...
76%
Category 2: Last Names
75.9%
Hagrid, ...
72.5%
Ginny, ...
70.1%
Tonks, ...
69.5%
Albus, ...
67.2%
% Correct
Sirius, ...
66.8%
Ollivander, ...
60.4%
Category 3: First Names
59.3%
Riddle, ...
55.9%
Room, ...
55.4%
Ted, ...
53.2%
Category 4: Incantations
53%
Oliver
47.7%
Accio, ...
47.5%
Silencio, ...
39.5%
Abbott
37.5%
Reducto, ...
37.4%
Wingardium Leviosa, ...
37.2%
Obliviate, ...
25.4%
Walden, ...
15.9%
Tarantallegra, ...
13.9%
Geminio, ...
11.3%
Homenum Revelio
10.9%
Quiz Playlist
Details
Report
Send in Message
Add To Playlist
More Info:
Read the second comment for directions.
Classic:
Type in answers that appear in a list
Last Updated: Mar 14, 2017
Quiz Scoreboard
CHALLENGE
Sign Up to Join the Scoreboard
Show All
Scores
Hide
Comments
May contain spoilers
Recently Published
1-10 Letter E Words III
by El_Dandy
Language
2m
Street Fighter Characters
by Artimus82
Gaming
60s
College Basketball Coaching Resumes
by pancakes188
Sports
9m
More to Explore
Quiz From the Vault
Featured Blog Post
Where Did the Easter Bunny Come From?
hide this ad
You Might Also Like...
Tags
Harry Potter Quiz
Category
Character
First Names
Hogwarts
incantation
Keymaster
Last Names
Safe Cracker
Spelling
Today's Top Quizzes in Literature
Browse Literature
hide this ad
Today's Top Quizzes in Harry Potter
Browse Harry Potter
Top Contributed Quizzes in Literature
1
Sneaky Slytherin Logic Puzzle
2
Get The Picture: Black or White Literature
3
5-to-1: Plays
4
A Court of Thorns and Roses (ACoTaR) Logic Puzzle
5
One Thing in Common: Literature
6
One Thing in Common: Literature II
7
One Thing in Common: Books
8
One Thing in Common: Literature 3
9
'Middle' Earth
10
Harry Potter Neighbourly Logic Puzzle #1
Explore More
Trending Topics
Harry Potter
Kpop
NBA
Anime
Disney
Marvel
Crossword
The Office
NFL
Soccer
Pokémon
Puzzle
Song
Country
WWE
hide this ad
More By:
12bball
Quiz
Plays
Rating
Category
Featured
Created
Harry Potter Bunker
6,425,167
4.07
Literature
Jun 15, 2011
Complete the Disney Movie Title
877,594
4.34
Movies
May 1, 2012
Harry Potter Bunker III
380,705
4.16
Literature
Dec 24, 2011
Lord of the Rings Top 20 Minefield
334,619
3.57
Literature
Jul 20, 2012
Rhymes with 'Art'
273,623
4.35
Language
Dec 21, 2011
Go to Creator's Profile
Score Distribution
Quiz Creator Spotlight
12bball
Follow
Send a Message
Quizzes Created
-
Created Quiz Play Count
-
More By This Creator
Popular Quizzes Today
1
Find the US States - No Outlines Minefield
2
Find the Countries of Europe - No Outlines Minefield
3
The Countries of the World
4
Find the US States
5
Risky Map Clicking: Biggest States A-Z
6
US States
7
Popular People in 1961
8
Movies - When Are They Set?
More Literature Quizzes
Houses of the Riverlands - Coats of Arms
Quiz Lab
Trending Quizzes
Risky Map Clicking: Least Populous States A-Z
Billboard Blitz: Aretha Franklin
1-10 Letter G Words
Countries of the World: 200 Million BC
1-10 Letter F Words
Recently Updated
Leaping Animals
pecheneg
Reality TV Shows (A-Z)
bhenderson79
Rickey Henderson's Hall of Fame Teammates
pecheneg
Champions League XIs: Arsenal
pecheneg
Quick Pick: Celebrities in WWE's Hall of Fame
aduchscher
A-Z Keypad Blitz II
pecheneg
Multiple Oscar Actors
pecheneg
Mystery Phrase Blitz: Oscar 'Best Actors'
pecheneg
F. Scott Fitzgerald Novels
LTH
Pick 3 Villains
ddd62291
Trending Topics
Marvel
Harry Potter
Anime
NBA
Kpop
Crossword
Disney
Puzzle
The Office
Soccer
WWE
NFL
Song
Country
Pokémon
Your Account Isn't Verified!
In order to create a playlist on Sporcle, you need to verify the email address you used during registration. Go to your
Sporcle Settings
to finish the process.
Report this User
Report this user for behavior that violates our
Community Guidelines
.
Details:
Send Report
Go to the Sporcle.com Mobile Site →
Comments